Maareformist Eesti Vabariigi Virumaa Narva-tagustes valdades 1920-1940

Titel: Maareformist Eesti Vabariigi Virumaa Narva-tagustes valdades 1920-1940
Verfasser:
In: Õpetatud Eesti Selts: Õpetatud Eesti Seltsi aastaraamat, (2012), Seite 129-142, Tab., Kt.
alle Artikel anzeigen
Veröffentlicht: 2012 [2013]
Format: Aufsatz
Sprache: Estnisch
Kein Bild verfügbar
X
alg: 39282524
001A    $01999:11-11-16 
001B    $01999:06-04-21 $t20:52:10.000 
001C    $06050:19-11-16 $t09:18:46.000 
001D    $01999:11-11-16 
001U    $0utf8 
001X    $00 
002@    $0Aox 
003@    $0392825244 
007A    $0392825244 $aHEB 
007T    $0Herdc0108933m 
010@    $aest 
011@    $a2012 $n2012 [2013] 
021A    $aMaareformist Eesti Vabariigi Virumaa Narva-tagustes valdades 1920-1940 
028A    $#Rozenberg, Tijt $7171404777 $8Rosenberg, Tiit$Z1946- [Tp1] $9295534265 
031A    $h129-142, Tab., Kt. $j2012 
037A    $aengl. Res. 140-142: The 1919 Estonian Land Reform in Virumaa District's Trans-Narva Parishes 
039B    $aIn $8--Abvc--Õpetatud Eesti Selts [Tb1]. Õpetatud Eesti Seltsi aastaraamat. - Tartu : Mattiesen, 1938-. - ISSN 1406-8486 $x201200000000000871 $9047885599 
045F    $a900.9479809041 $eDDC23BSB 
045F/01 $a900 
045F/03 $f09041 
045F/03 $f09042 
045F/03 $f09043 
045F/03 $g4798 
045T    $a7,53 $a9,10 

lok: 39282524 78

exp: 39282524 78 1 #EPN
201B/01 $016-05-18 $t22:54:42.000 
201U/01 $0utf8 
203@/01 $0788935461 
208@/01 $a11-11-16 $be 
209A/01 $a/ $f000 $x00 
220C/01 $aTitelaufnehmer: kk 
220C/01 $aHerkunft: HI Marburg 
244Z/01 $2Trx $#Estija $#Igaunija $#Estland $#Estonia $#Estonia $#Estónsko $#Estonsko $8--Trx--Eesti $x01 $9391237225 
244Z/01 $2Trx $#Wierland $8--Trx--Virumaa $x02 $9391163671 
244Z/01 $2Trx $#Petschur Landschaft $8--Trx--Petserimaa $x03 $9391184350 
244Z/01 $#Narwa $#Narwa $#Narvskaja Gorodskaja Uprava $#Gorodskaja Uprava Narva $74102367-5 $8--Tg1--Narva $x04 $9085298328 
244Z/01 $aGeschichte 1920-1940 $x05 
244Z/01 $2Trx $#riiklus, Eesti $#Estijos valstybingumas $#statehood, Estonian $#államiság, észt $#państwowość, estońska $#štátnosť estónska $#státnost estonská $8--Trx--Staatlichkeit, estnische $x06 $9391369393 
244Z/01 $2Trx $#maareformid $#žemės reformos $#land reforms $#földreform $#reformy rolne $#reformy pozemkové $#reformy pozemkové $#Agrarreformen $#reformy poľnohospodárske $#reformy zemědělské $8--Trx--Bodenreformen $x07 $9391365061 
244Z/01 $2Trx $#sõjakahjud $#karo griuvėsiai $#War damages $#háborús károk $#straty wojenne $#vojnové škody $#škody válečné $#zniszczenia wojenne $8--Trx--Kriegsschäden $x08 $9391359150 
244Z/01 $2Trx $#näljahädad $#badai $#famines $#éhinség $#klęski głodu $#hladomor $#hladomor $8--Trx--Hungersnöte $x09 $9391358847 
244Z/01 $2Trx $#agraarpoliitika $#agrarinė politika $#Agrarian policies $#agrárpolitika $#polityka agrarna $#politika poľnohospodárska $#politika zemědělská $#Landwirtschaftspolitik $8--Trx--Agrarpolitik $x10 $9391362933 
244Z/01 $2Trx $8--Trx--Zeitschriftenaufsatz $x11 $9391384341 
245Z/01 $a06.04.02 $x01 
247C/01 $82080>Marburg/Lahn, Herder-Institut, Forschungsbibliothek, Bibliographieportal $9336309341
LEADER 00000caa a22000002c 4500
001 392825244
003 DE-603
005 20210406205210.0
007 tu
008 161111s2012 xx |||| | u00||u|est c
035 |a (DE-599)HEB392825244 
040 |a DE-603  |b ger  |c DE-603  |d DE-603 
041 |a est 
082 0 4 |8 1\u  |a 900.9479809041  |q DE-101  |2 23/BSB 
084 |a 7,53  |a 9,10  |2 ssgn 
085 |8 1\u  |b 900 
085 |8 1\u  |z 1  |s 09041 
085 |8 1\u  |z 1  |s 09042 
085 |8 1\u  |z 1  |s 09043 
085 |8 1\u  |z 2  |s 4798 
100 1 |a Rosenberg, Tiit  |d 1946-  |0 (DE-603)295534265  |0 (DE-588)171404777  |2 gnd 
245 0 0 |a Maareformist Eesti Vabariigi Virumaa Narva-tagustes valdades 1920-1940 
264 0 |c 2012 [2013] 
500 |a engl. Res. 140-142: The 1919 Estonian Land Reform in Virumaa District's Trans-Narva Parishes 
773 0 8 |i In  |a Õpetatud Eesti Selts  |t Õpetatud Eesti Seltsi aastaraamat  |d Tartu : Mattiesen, 1938-  |x 1406-8486  |g (2012), Seite 129-142, Tab., Kt.  |w (DE-603)047885599  |w (DE-600)570191-0 
924 0 |9 2080  |a (DE-603)788935461  |b DE-2080  |c HES  |d d  |g /